Lectures on Classical and Quantum Theory of Fields (Запис № 446270)

МАРК-запис
000 -LEADER
fixed length control field 03792nam a22005895i 4500
001 - CONTROL NUMBER
control field 978-3-319-55619-2
003 - CONTROL NUMBER IDENTIFIER
control field DE-He213
005 - DATE AND TIME OF LATEST TRANSACTION
control field 20210118123820.0
007 - PHYSICAL DESCRIPTION FIXED FIELD--GENERAL INFORMATION
fixed length control field cr nn 008mamaa
008 - FIXED-LENGTH DATA ELEMENTS--GENERAL INFORMATION
fixed length control field 170422s2017 gw | s |||| 0|eng d
020 ## - INTERNATIONAL STANDARD BOOK NUMBER
International Standard Book Number 9783319556192
-- 978-3-319-55619-2
024 7# - OTHER STANDARD IDENTIFIER
Standard number or code 10.1007/978-3-319-55619-2
Source of number or code doi
050 #4 - LIBRARY OF CONGRESS CALL NUMBER
Classification number QC174.45-174.52
072 #7 - SUBJECT CATEGORY CODE
Subject category code PHQ
Source bicssc
072 #7 - SUBJECT CATEGORY CODE
Subject category code SCI057000
Source bisacsh
072 #7 - SUBJECT CATEGORY CODE
Subject category code PHS
Source thema
082 04 - DEWEY DECIMAL CLASSIFICATION NUMBER
Classification number 530.14
Edition number 23
100 1# - MAIN ENTRY--PERSONAL NAME
Personal name Arodz, Henryk.
Relator term author.
Relator code aut
-- http://id.loc.gov/vocabulary/relators/aut
245 10 - TITLE STATEMENT
Title Lectures on Classical and Quantum Theory of Fields
Medium [electronic resource] /
Statement of responsibility, etc by Henryk Arodz, Leszek Hadasz.
250 ## - EDITION STATEMENT
Edition statement 2nd ed. 2017.
264 #1 -
-- Cham :
-- Springer International Publishing :
-- Imprint: Springer,
-- 2017.
300 ## - PHYSICAL DESCRIPTION
Extent XI, 353 p. 34 illus.
Other physical details online resource.
336 ## -
-- text
-- txt
-- rdacontent
337 ## -
-- computer
-- c
-- rdamedia
338 ## -
-- online resource
-- cr
-- rdacarrier
347 ## -
-- text file
-- PDF
-- rda
490 1# - SERIES STATEMENT
Series statement Graduate Texts in Physics,
Міжнародний стандартний серійний номер для назви серії (ISSN) 1868-4513
505 0# - FORMATTED CONTENTS NOTE
Formatted contents note Introduction -- The Euler–Lagrange Equations and Noether’s Theorem -- Scalar Fields -- Vector Fields -- Relativistic Spinor Fields -- The Quantum Theory of Free Fields -- Perturbative Expansion in the φ44 Model -- Renormalization -- The Renormalization Group -- Relativistic Invariance and the Spectral Decomposition of G(2) -- Paths Integrals in QFT -- The Perturbative Expansion for Non-Abelian Gauge Fields -- The Simplest Supersymmetric Models -- Anomalies -- Appendices: Some facts about generalized functions.
520 ## - SUMMARY, ETC.
Summary, etc This textbook addresses graduate students starting to specialize in theoretical physics. It provides didactic introductions to the main topics in the theory of fields, while taking into account the contemporary view of the subject. The student will find concise explanations of basic notions essential for applications of the theory of fields as well as for frontier research in theoretical physics. One third of the book is devoted to classical fields. Each chapter contains exercises of varying degree of difficulty with hints or solutions, plus summaries and worked examples as useful. It aims to deliver a unique combination of classical and quantum field theory in one compact course.
506 ## - RESTRICTIONS ON ACCESS NOTE
Terms governing access Available to subscribing member institutions only. Доступно лише організаціям членам підписки.
506 ## - RESTRICTIONS ON ACCESS NOTE
Standardized terminology for access restriction Online access from local network of NaUOA.
506 ## - RESTRICTIONS ON ACCESS NOTE
Standardized terminology for access restriction Online access with authorization at https://link.springer.com/
506 ## - RESTRICTIONS ON ACCESS NOTE
Standardized terminology for access restriction Онлайн-доступ з локальної мережі НаУОА.
506 ## - RESTRICTIONS ON ACCESS NOTE
Standardized terminology for access restriction Онлайн доступ з авторизацією на https://link.springer.com/
650 #0 - SUBJECT ADDED ENTRY--TOPICAL TERM
Topical term or geographic name as entry element Quantum field theory.
650 #0 - SUBJECT ADDED ENTRY--TOPICAL TERM
Topical term or geographic name as entry element String theory.
650 #0 - SUBJECT ADDED ENTRY--TOPICAL TERM
Topical term or geographic name as entry element Elementary particles (Physics).
650 14 - SUBJECT ADDED ENTRY--TOPICAL TERM
Topical term or geographic name as entry element Quantum Field Theories, String Theory.
-- http://scigraph.springernature.com/things/product-market-codes/P19048
650 24 - SUBJECT ADDED ENTRY--TOPICAL TERM
Topical term or geographic name as entry element Elementary Particles, Quantum Field Theory.
-- http://scigraph.springernature.com/things/product-market-codes/P23029
700 1# - ADDED ENTRY--PERSONAL NAME
Personal name Hadasz, Leszek.
Relator term author.
Relator code aut
-- http://id.loc.gov/vocabulary/relators/aut
710 2# - ADDED ENTRY--CORPORATE NAME
Corporate name or jurisdiction name as entry element SpringerLink (Online service)
773 0# - HOST ITEM ENTRY
Title Springer eBooks
776 08 - ADDITIONAL PHYSICAL FORM ENTRY
Display text Printed edition:
International Standard Book Number 9783319556178
776 08 - ADDITIONAL PHYSICAL FORM ENTRY
Display text Printed edition:
International Standard Book Number 9783319556185
776 08 - ADDITIONAL PHYSICAL FORM ENTRY
Display text Printed edition:
International Standard Book Number 9783319857107
830 #0 - SERIES ADDED ENTRY--UNIFORM TITLE
Uniform title Graduate Texts in Physics,
-- 1868-4513
856 40 - ELECTRONIC LOCATION AND ACCESS
Uniform Resource Identifier <a href="https://doi.org/10.1007/978-3-319-55619-2">https://doi.org/10.1007/978-3-319-55619-2</a>
912 ## -
-- ZDB-2-PHA
942 ## - ADDED ENTRY ELEMENTS (KOHA)
Koha item type ЕКнига

Немає доступних примірників.